A beszerzés folyamatai a Waberer's International Nyrt. gyakorlatában
| Szerző: | |
|---|---|
| További közreműködők: | |
| Dokumentumtípus: | Diplomadolgozat |
| Kulcsszavak: | árstratégia beszállító-értékelés beszerzés beszerzési tevékenység igénykielégítési folyamat |
| Online Access: | http://dolgozattar.uni-bge.hu/59644 |
MARC
| LEADER | 00000nta a2200000 i 4500 | ||
|---|---|---|---|
| 001 | dolg59644 | ||
| 005 | 20260409145346.0 | ||
| 008 | 260409suuuu hu om 000 hun d | ||
| 040 | |a BGE Dolgozattár Repozitórium |b hun | ||
| 041 | |a hu | ||
| 100 | 1 | |a Körmendy Lilla Jennifer | |
| 245 | 1 | 2 | |a A beszerzés folyamatai a Waberer's International Nyrt. gyakorlatában |c Körmendy Lilla Jennifer |h [elektronikus dokumentum] |
| 520 | 3 | |a A beszerzés kulcsfontosságú szerepet játszik a vállalatok hatékony működésében, hiszen közvetlen hatással van a költségekre, az ellátási lánc stabilitására és a versenyképességre. Jelen szakdolgozat célja a beszerzési folyamatok bemutatása, különös tekintettel a Waberer's International Nyrt. gyakorlatára. A dolgozat részletesen elemzi a beszerzési folyamat lépéseit. Az esettanulmány módszertanával feltárásra kerülnek a Waberer's beszerzési folyamatának sajátosságai, a hatékonyságot növelő megoldások. A kutatás célja, hogy átfogó képet adjon a beszerzés optimalizálásának lehetőségeiről egy nemzetközi logisztikai vállalat példáján keresztül. | |
| 695 | |a árstratégia | ||
| 695 | |a beszállító-értékelés | ||
| 695 | |a beszerzés | ||
| 695 | |a beszerzési tevékenység | ||
| 695 | |a igénykielégítési folyamat | ||
| 700 | 1 | |a Bányai Dr. Kornél |e ths | |
| 856 | 4 | 0 | |u http://dolgozattar.uni-bge.hu/59644/1/Szakdolgozat.pdf |z Dokumentum-elérés |
| 856 | 4 | 0 | |u http://dolgozattar.uni-bge.hu/59644/2/Szakdolgozat.pdf |z Dokumentum-elérés |
| 856 | 4 | 0 | |u http://dolgozattar.uni-bge.hu/59644/3/K%C3%B6rmendy.Lilla.Jennifer_BELSO.pdf |z Dokumentum-elérés |
| 856 | 4 | 0 | |u http://dolgozattar.uni-bge.hu/59644/4/KormendyLilla_SK.pdf |z Dokumentum-elérés |